000 01104nam a2200277Ia 4500
003 OSt
005 20221005103957.0
006 a|||||r|||| 00| 0
007 ta
008 221004b |||||||| |||| 00| 0 san d
020 _a9788179171899 (hbk)
_cINR 725.00
024 _a66186
037 _bGV719, 09/03/2020, Vani Prakashan
_cTextual
040 _aCRL
_cCRL
_bsan
041 _2san
_asan
082 _aO15,1A2:g(Y15), 152Q6
100 _aशाह, शालिनी, ले.
245 0 _aनारीत्व का गठन
_b महाभारत में लैंगिक संबंधों की संरचना
246 _aNārītva kā gaṭhana: mahābhārat mean laiangik sanbandhoan kī sanrachanā
260 _aदिल्ली
_bग्रंथ शिल्पी भारत
_c2016
300 _a236पृ0
_ccm.
650 _a नारी
650 _aमहाभारत
942 _hO15,1A2:g(Y15), 152Q6
_cTEXL
_2cc
999 _c1011421
_d1011421